书目信息 |
| 题名: |
城市生态绿化工程技术
|
|
| 作者: | 李建龙 主编 | |
| 分册: | ||
| 出版信息: | 北京 化学工业出版社 2004 |
|
| 页数: | 629页 | |
| 开本: | 20cm | |
| 丛书名: | 生态工程技术丛书 | |
| 单 册: | ||
| 中图分类: | S731.2 | |
| 科图分类: | ||
| 主题词: | 城市--绿化--研究--中国 , 城市 , 绿化 | |
| 电子资源: | ||
| ISBN: | 7-5025-6113-7 | |
| 000 | 00990oam2 2200289 450 | |
| 001 | 002783335 | |
| 005 | 20070805110847.50 | |
| 010 | @a7-5025-6113-7@dCNY46.00 | |
| 035 | @a002783335 | |
| 100 | @a20041215d2004 em y0chiy0110 ea | |
| 101 | 0 | @achi |
| 102 | @aCN@b110000 | |
| 105 | @ay z 000yy | |
| 106 | @ar | |
| 200 | 1 | @a城市生态绿化工程技术@Acheng shi sheng tai lv hua gong cheng ji shu@f李建龙主编@Fli jian long zhu bian |
| 210 | @a北京@c化学工业出版社@d2004 | |
| 215 | @a629页@d20cm | |
| 225 | 2 | @a生态工程技术丛书@Asheng tai gong cheng ji shu cong shu |
| 330 | @a本书涉及园林绿化和城市生态科学的大量热点问题,详细介绍了园林绿化科学发展动态和趋势,生态城市构建理论与技术,各类城市生态绿化工程的规划、设计等。 | |
| 461 | 0 | @1001002637601@12001 @a生态工程技术丛书 |
| 606 | 0 | @a城市@x绿化@x研究@y中国 |
| 606 | 0 | @a城市 |
| 606 | 0 | @a绿化 |
| 690 | @aS731.2@v4 | |
| 701 | 0 | @a李建龙@Ali jian long@f(1962~)@4主编 |
| 801 | 0 | @aCN@bNLC@c20070805 |
| 905 | @dS731.2@e30@f5 | |
| 城市生态绿化工程技术/李建龙主编.-北京:化学工业出版社,2004 |
| 629页;20cm.-(生态工程技术丛书) |
| ISBN 7-5025-6113-7:CNY46.00 |
| 本书涉及园林绿化和城市生态科学的大量热点问题,详细介绍了园林绿化科学发展动态和趋势,生态城市构建理论与技术,各类城市生态绿化工程的规划、设计等。 |
| ● |
| 相关链接 |
|
|
|
|
正题名:城市生态绿化工程技术
索取号:S731.2/30
 
预约/预借
| 序号 | 登录号 | 条形码 | 馆藏地/架位号 | 状态 | 备注 |
| 1 | 0850899 | 208508998 | 第二样本阅览室/ [索取号:S731.2/30] | 在馆 | |
| 2 | 0850900 | 208509005 | 第三借阅区/ [索取号:S731.2/30] | 在馆 | |
| 3 | 0850901 | 208509014 | 第三借阅区/ [索取号:S731.2/30] | 在馆 | |
| 4 | 0850902 | 208509023 | 第三借阅区/ [索取号:S731.2/30] | 在馆 | |
| 5 | 0850903 | 208509032 | 第三借阅区/ [索取号:S731.2/30] | 在馆 |